Famous Awards Quiz Stats

 Plays Quiz not verified by Sporcle

Score 0/25 Timer 05:00
0 Plays Today
For.. Blank % Correct
MoviesOscar
100%
MusicGrammy
100%
TheaterTony
100%
TelevisionEmmy
100%
Journalism, et al.Pulitzer
92.9%
NHL championsStanley
78.6%
Physics, literature, peace, et al.Nobel
78.6%
America's top military decorationHonor
78.6%
Wounded in battle (U.S.)Heart
78.6%
Winner of the Master's (golf)Jacket
71.4%
Best college football playerHeisman
64.3%
Top World Cup goal scorerBoot
64.3%
Tour de France leaderJersey
64.3%
For.. Blank % Correct
Fielding (baseball)Glove
57.1%
Pitching (baseball)Cy Young
57.1%
ESPNESPY
57.1%
America's top civilian medalFreedom
57.1%
Most famous German medalIron
57.1%
Best film at CannesPalme
57.1%
Best college basketball playerNaismith
50%
NickelodeonKid's Choice
42.9%
Britain's top military decorationVictoria
42.9%
Winner of the British Open (golf)Claret
35.7%
Dunder MifflinDundee
28.6%
MTVVideo Music
21.4%

You're not logged in!

Compare scores with friends on all Sporcle quizzes.
OR
Log In

Sporcle TV

Today on Sporcle TV


Watch our educational content, quiz creation guides, and fun videos on Sporcle TV.

Show Comments

Extras

Created Sep 20, 2019ReportNominate
Tags:Famous Quiz, award, blank

Top Quizzes Today


Score Distribution

Your Account Isn't Verified!

In order to create a playlist on Sporcle, you need to verify the email address you used during registration. Go to your Sporcle Settings to finish the process.

Report this User

Report this user for behavior that violates our Community Guidelines.

Details: